| 000 | 00366nam a2200145Ia 4500 | ||
|---|---|---|---|
| 008 | 230917s9999||||xx |||||||||||||| ||und|| | ||
| 040 |
_e48301 _aMAIN |
||
| 041 | _aEnglish | ||
| 082 | _a821.8 E46O:T | ||
| 100 | _aO'Connor, Daniel | ||
| 245 | 0 | _aT S Eliot four quartets: A commentary | |
| 260 |
_aNew Delhi _bAarti Book _c1969 |
||
| 300 | _aix, 179 p. | ||
| 942 | _cBK | ||
| 999 |
_c60203 _d60203 |
||